Statistiken für Alle Minderheiten Rumäniens

Klicken Sie hier um das Quiz zu spielen!

Allgemein

  • Dieses Quiz wurde 50 mal gespielt
  • Das Durchschnittsergebnis liegt bei 17 aus 27

Antwortstatistiken

BevölkerungLand% Korrekt
10,646Bulgarien
93%
15,121Deutschland
93%
8,184Ungarn
90%
6,063Russland
88%
7,986Türkei
85%
16,729Ukraine
85%
56,515Italien
80%
161,846Moldawien
80%
2,296Serbien
80%
42,165Spanien
78%
6,494Griechenland
75%
5,068China
73%
12,589Frankreich
73%
4,428USA
70%
15,346Vereinigtes Königreich
68%
1,377Portugal
65%
1,934Österreich
63%
3,492Syrien
58%
2,338Irak
53%
1,464Iran
48%
1,876Irland
48%
2,650Belgien
40%
2,936Israel
33%
978Somalia
25%
932Nigeria
20%
1,189Republik Kongo
10%
1,627Tunesien
10%

Verteilung der Resultate

Perzentil nach korrekt beantworteten Fragen

Anzahl Personen mit jedem Resultat

Ihre Resultats-Entwicklung

Sie haben dieses Quiz noch nicht gespielt